| 000 | 00460nam a2200193Ia 4500 | ||
|---|---|---|---|
| 003 | OSt | ||
| 005 | 20250825102208.0 | ||
| 008 | 250729s2005 xx 000 0 und d | ||
| 020 | _a978-8186804391 | ||
| 040 | _cAL | ||
| 041 | _aeng | ||
| 082 | _a370.1 DASP | ||
| 100 |
_aDash B N _9222135 |
||
| 245 | _aPrinciples of education | ||
| 260 |
_aNew Delhi _bNeelkamal Publication _c2005 |
||
| 300 | _a308p | ||
| 650 |
_aEducation _9222136 |
||
| 942 |
_2ddc _cBED |
||
| 999 |
_c235318 _d235318 |
||